Jawaharlal Nehru / (Record no. 21383)

MARC details
000 -LEADER
fixed length control field 03268nam a22004217a 4500
005 - DATE AND TIME OF LATEST TRANSACTION
control field 20090119143636.0
008 - FIXED-LENGTH DATA ELEMENTS--GENERAL INFORMATION
fixed length control field 090119t xxu||||| |||| 00| 1 eng d
010 ## - LCCN (DPL NO)
LC control number B-344172-183
020 ## - INTERNATIONAL STANDARD BOOK NUMBER
International Standard Book Number 9788123701608
Terms of availability 25.00
035 ## - SYSTEM CONTROL NUMBER
System control number B-344172-183
035 ## - SYSTEM CONTROL NUMBER
System control number B-357774
037 ## - SOURCE OF ACQUISITION
Source of stock number/acquisition Tarun Books
040 ## - CATALOGING SOURCE
Original cataloging agency dpl
Language of cataloging English
082 ## - DEWEY DECIMAL CLASSIFICATION NUMBER
Classification number S
100 ## - MAIN ENTRY--PERSONAL NAME
Personal name Baig, Tara Ali
245 ## - TITLE STATEMENT
Title Jawaharlal Nehru /
Statement of responsibility, etc by Tara Ali Baig
260 ## - PUBLICATION, DISTRIBUTION, ETC. (IMPRINT)
Place of publication, distribution, etc New Delhi
Name of publisher, distributor, etc National Book Trust
Date of publication, distribution, etc 2008 (repr.)
270 ## - ADDRESS
Address A-5 Green Park
City New Delhi New Delhi-110016
Postal code 110016
300 ## - PHYSICAL DESCRIPTION
Extent Unpaged :
Other physical details b & w photos
Dimensions 18cm. (pbk)
490 ## - SERIES STATEMENT
Series statement Nehru Bal Pustakalaya
700 ## - ADDED ENTRY--PERSONAL NAME
Personal name Baig, Tara Ali
942 ## - ADDED ENTRY ELEMENTS (KOHA)
Source of classification or shelving scheme Dewey Decimal Classification
Item type Children Books
Classification part S
Call number suffix BAI
Holdings
Withdrawn status Lost status Source of classification or shelving scheme Damaged status Not for loan Collection code Home library Current library Date acquired Source of acquisition Cost, normal purchase price Total Checkouts Full call number Barcode Date last seen Copy number Cost, replacement price Koha item type Public note
    Dewey Decimal Classification     Fiction Bawana Bawana 21/08/2009 Tarun Books/3939/15.5.09/13/23.4.09/4.7.09 25.00   S BAG B-344182 21/08/2009 1 25.00 Children Books  
    Dewey Decimal Classification     Fiction Central Library Central Library 21/08/2009 Tarun Books/3939/15.5.09/13/23.4.09/4.7.09 25.00   S BAG B-344172 21/08/2009 1 25.00 Children Books  
    Dewey Decimal Classification     Fiction Janak Puri Janak Puri 16/09/2009 Tarun Books/4121/9.9.09/89/2.9.09/11.9.09 25.00 4 S BAI B-357774 02/12/2014 1 25.00 English Books  
    Dewey Decimal Classification     Fiction Jor Bagh (Children Lib) Jor Bagh (Children Lib) 21/08/2009 Tarun Books/3939/15.5.09/13/23.4.09/4.7.09 25.00   S BAG B-344178 21/08/2009 1 25.00 Children Books  
    Dewey Decimal Classification     Fiction Karol Bagh Karol Bagh 21/08/2009 Tarun Books/3939/15.5.09/13/23.4.09/4.7.09 25.00   S BAG B-344180 21/08/2009 1 25.00 Children Books  
    Dewey Decimal Classification     Fiction Kasturba Gandhi Marg Kasturba Gandhi Marg 21/08/2009 Tarun Books/3939/15.5.09/13/23.4.09/4.7.09 25.00   S BAG B-344174 21/08/2009 1 25.00 Children Books  
    Dewey Decimal Classification     Fiction Narela Narela 21/08/2009 Tarun Books/3939/15.5.09/13/23.4.09/4.7.09 25.00   S BAG B-344181 21/08/2009 1 25.00 Children Books  
    Dewey Decimal Classification     Fiction New Rajendra Nagar New Rajendra Nagar 21/08/2009 Tarun Books/3939/15.5.09/13/23.4.09/4.7.09 25.00   S BAG B-344176 21/08/2009 1 25.00 Children Books  
    Dewey Decimal Classification     Fiction Patel Nagar Patel Nagar 21/08/2009 Tarun Books/3939/15.5.09/13/23.4.09/4.7.09 25.00   S BAG B-344173 21/08/2009 1 25.00 Children Books  
    Dewey Decimal Classification     Fiction Peshwa Road Peshwa Road 21/08/2009 Tarun Books/3939/15.5.09/13/23.4.09/4.7.09 25.00   S BAG B-344175 21/08/2009 1 25.00 Children Books  
    Dewey Decimal Classification     Fiction Sarojini Nagar Sarojini Nagar 21/08/2009 Tarun Books/3939/15.5.09/13/23.4.09/4.7.09 25.00   S BAG B-344177 21/08/2009 1 25.00 Children Books  
Written off   Dewey Decimal Classification     Fiction Shahdara Branch Shahdara Branch 21/08/2009 Tarun Books/3939/15.5.09/13/23.4.09/4.7.09 25.00   S BAG B-344183 21/08/2009 1 25.00 Children Books Written off on approval by DLB (By Circulation); dtd 20.12.2022
    Dewey Decimal Classification     Fiction Vinoba Puri Vinoba Puri 21/08/2009 Tarun Books/3939/15.5.09/13/23.4.09/4.7.09 25.00 2 S BAG B-344179 13/08/2013 1 25.00 Children Books  

© Delhi Public Library
Hit Counter
free hit counter